Word Ladder: Life, Er, Uh...Finds A Way Quiz Stats

Quiz not verified by Sporcle

Challenge
Share
Tweet
Embed
Score 0/22 Timer 04:00
0 Plays Today
Hint Word % Correct
High traffic hourRUSH
93.7%
Year with 366 daysLEAP
92.7%
Reddish-brown corrosion resultRUST
91.7%
Pointy part of a mountainPEAK
89.6%
Suitable tree for a partridgePEAR
89.2%
It may cause a burning, itching sensationRASH
89.1%
Shakespeare's King or Travolta's JetLEAR
88.3%
Giant pile of laundryHEAP
84.3%
Destroyer of snowmenHEAT
82.9%
Got up and walked awayLEFT
81.2%
To whip mercilessly, as an overseerLASH
79.8%
Hint Word % Correct
A girl of oldeLASS
79.5%
Area used for storing hay in a barnLOFT
76.8%
Fair and righteousJUST
76.5%
Deprivation, as of appetite or controlLOSS
76.3%
To hoistHEFT
74.7%
Gehrig and Reed, e.g.LOUS
74.6%
Drunken hooliganLOUT
68.3%
To fool aroundJEST
64.6%
Basic meaning or summaryGIST
50.2%
A great adventureGEST
42.8%
Decipher Ian Malcolm's Message:GETJURASSOUTOFTHEPARK
12.7%

You're not logged in!

Compare scores with friends on all Sporcle quizzes.
Sign Up with Email
OR
Log In

You Might Also Like...

Show Comments

Extras

Top Quizzes Today


Score Distribution

Your Account Isn't Verified!

In order to create a playlist on Sporcle, you need to verify the email address you used during registration. Go to your Sporcle Settings to finish the process.